Регионална библиотека "Любен Каравелов" - Русе

Златни мигове (Запис номер 136339)

MARC детайли
000 -Лидер
Контролно поле с фиксирана дължина 01274nam a2200313 c 4500
003 - Код на организацията, давaща контролен номер
Контролно поле BLK
005 - Дата и час на последна редакция
Контролно поле 20180422111950.0
008 - Елементи от данни с фиксирана дължина
fixed length control field 180409b bul|||||r ||||||| ||bul||
010 ## - Наследен системен номер
LC control number KNG00142280000
040 ## - Източник на каталожния запис
Идентификатор на билиотеката - собственик на записа BLK
041 ## - Код за език
Код за езика на текст/звукозапис или на отделно заглавие Български
Код за езика КДБФ Български
080 ## - УДК
Текстов определител УДК Българска литература
УДК код - определител по УДК 821.163.2
УДК определител -93-1
УДК - код + определител 821.163.2-93-1
100 1# - Редна дума - Автор
Автор Голев, Владимир Иванов
Авторска отговорност първи автор
R(LIN) 365746
139 ## - Редно поле
Редна дума Голев, Владимир Иванов
Авторски знак Гол - Г 63
245 10 - Сведения за заглавието
Заглавие Златни мигове
Подзаглавни данни Стихотворения за деца
Редно поле (дума) Владимир Иванов Голев; худож. Здравко Захариев.
257 ## - Страна на издаване
Страна на създаване/издаване България
260 ## - Област на издателските данни
-- София
Име на издателя, разпространителя и проч. Нар. младеж
Година на издаване 1973
300 ## - Физическа характеристика
Страници 100 с.
Илюстрации и др. с ил., 1 л. портр.
Размери/Мащаб 21 см
380 ## - Жанр
Жанр Детска худож. лит.
490 1# - СЕРИИ (Колекции)
Име на серия Библиотека Дъга
490 1# - СЕРИИ (Колекции)
-- Подсерия
Име на серия Български писатели за деца и юноши
500 ## - Общи забележки
Забележка 5 125 тир.
700 1# - Други автори (авторска отговорност)
Лично име Захариев, Здравко
Автороска отговорност (Описва отношението между автора и произведението) худож.
9 (RLIN) 315968
852 ## - Местоположение
Форматна сигнатура Цб 257862
856 4# - Електронен адрес и достъп
Електронен формат pdf - файл
Път до файла /url/
856 4# - Електронен адрес и достъп
Електронен формат pdf - файл
Път до файла /url/
942 ## - АРТИКУЛИ
Вид на библиотечния материал Книги
Скрит в OPAC Не
944 ## - СЪЗДАВАНЕ И РЕДАКЦИЯ на ЗАПИСА
Създаване/Редакция Създаване
Дата на регистрацията/редакция 20.04.2013
Статус, дата на статуса 20.04.2013 - от С1,Р / 20.04.2013
Служител, извършил регистрацията/редакцията Ирена_Русанова
944 ## - СЪЗДАВАНЕ И РЕДАКЦИЯ на ЗАПИСА
Създаване/Редакция Редакция
Дата на регистрацията/редакция 20.04.2013
Статус, дата на статуса 20.04.2013 - от С1,Р / 20.04.2013
Служител, извършил регистрацията/редакцията
999 ## - СИСТЕМНИ КОНТРОЛНИ НОМЕРА
Koha biblionumber 136339
Koha biblioitemnumber 136339
Наличности
Код за отписване Код за изгубен артикул Източник на класификационната схема Код за повреда Коз за рестрикции Код за отдаване Артикулен № Име на библиотеката - собственик Име на библиотеката, в която се намира в момента Статус (Текущо местоположение) Дата на вписване в системата Местоположение - отдел Цена в лева Инвентарен номер Систематично азбучна сигнатура Баркод Номер на екземпляра Цена в евро Служебна бележка Служебен тип на артикула
  Не е изгубен Universal Decimal Classification Не е повреден без рестрикции ползва се в читалня 222807 Регионална библиотека "Любен Каравелов" Русе Регионална библиотека "Любен Каравелов" Русе Хранилище 1973-01-01 Хранилище 0.85 142186 Цб 257862 120000142186 1 0.43 N: стар фонд Дата: 01.01.1973 Книги
Изтеглен Не е изгубен Universal Decimal Classification Не е повреден без рестрикции заемане за дома 222808 Регионална библиотека "Любен Каравелов" Русе Регионална библиотека "Любен Каравелов" Русе Детски отдел 1973-01-01 Детски отдел 0.85 142736 ДХ 886.7/Г 63 142736 2 0.43 N: стар фонд Дата: 01.01.1973 Дата инв: 01.09.2015 Бележки инв: Д2015 Книги
Изтеглен Не е изгубен Universal Decimal Classification Не е повреден без рестрикции заемане за дома 222809 Регионална библиотека "Любен Каравелов" Русе Регионална библиотека "Любен Каравелов" Русе Детски отдел 1973-01-01 Детски отдел 0.85 142738 ДХ 886.7/Г 63 142738 3 0.43 N: стар фонд Дата: 01.01.1973 Дата инв: 01.09.2015 Бележки инв: Д2015 Книги
Vip Innovations Ltd, Rousse, Bulgaria 2025